| 000 | 00901nam a22002177i 4500 | ||
|---|---|---|---|
| 999 |
_c23668 _d23668 |
||
| 003 | AR-CdUCM | ||
| 008 | 260430b20212021 pe||||| |||| 00| 0 spa d | ||
| 020 | _a978-612-47831-8-0 | ||
| 040 |
_aMUNICIPALIDAD PROVINCIAL DEL CUSCO _cBIBLIOTECA MUNICIPAL DEL CUSCO |
||
| 041 | _hspa | ||
| 082 |
_a129.7 _bS18 |
||
| 100 |
_aSalazar Bondy, Augusto _91562 |
||
| 245 | _aEn torno a Wittgenstein y otros escritos | ||
| 260 |
_aLima-Perú: _bLima-Heraldos Editores _c2021 |
||
| 300 |
_a254 páginas. : _c|21x14 cm. |
||
| 500 | _zPáginas: 247-251 | ||
| 505 | _aLa filosofía de Schopenhauer -- La influencia de Frege -- El Tractatus. estructura y contenido fundamental -- El atomismo -- La teoría figurativa del significado -- Intención y desenvolvimiento del Tractatus -- Mariátegui y la libertad intelectual | ||
| 856 | _fwww.heraldoseditores.com | ||
| 942 |
_2ddc _cLIBROS |
||
| 945 |
_apbjr _d30-04-2026 |
||